000 00415nam a22001697a 4500
005 20180808154150.0
008 160514b xxu||||| |||| 00| 0 eng d
020 _a81-203-2264-9
041 _aeng
082 _b2172
_a658.3
100 _a Greer, Charles R.
_92691
245 _aStrategic Human Resource Management
260 _bPearsons
_c2004
_adelhi
300 _a325p,
650 _aManagement
_9241
942 _cBK
999 _c807
_d807